Plans de mobilitat urbana : directrius tècniques per a la seva redacció directrius tècniques per a la seva redacció
Publicado:
Barcelona :
Diputació de Barcelona. Àrea d'Infraestructures, Urbanisme i Habitatge. Gerència de Serveis d'Infraestructures Viàries i Mobilitat ,
2010
Descripción Física:
102 p. : il. col., taules, gràf., mapes ; 29 cm
Materias:
Transport -- Planificació
MARC
| LEADER | 00000nam a2200000Ia 4500 | ||
|---|---|---|---|
| 001 | 23273 | ||
| 008 | 160829s2010 xx 000 0 cat d | ||
| 080 | |a C-3-364 | ||
| 245 | |a Plans de mobilitat urbana : |b directrius tècniques per a la seva redacció | ||
| 260 | |a Barcelona : |b Diputació de Barcelona. Àrea d'Infraestructures, Urbanisme i Habitatge. Gerència de Serveis d'Infraestructures Viàries i Mobilitat, |c 2010 | ||
| 300 | |a 102 p. : |b il. col., taules, gràf., mapes ; |c 29 cm | ||
| 650 | |a Transport |x Planificació |9 46565 | ||
| 700 | |a Barcelona. Diputació. Gerència de Serveis d'Infraestructures Viàries i Mobilitat | ||
| 866 | |a 2 | ||
| 901 | |a Arxiu | ||
| 942 | |n 1 | ||
| 952 | |0 0 |1 0 |4 0 |6 C3364 |7 1 |9 53282 |a Arxiu |b Arxiu |d 2011-10-07 |l 0 |o C-3-364 |p 23273 |r 2016-12-01 00:00:00 |w 2016-12-01 |y ARXIU | ||
| 999 | |c 57146 |d 57146 | ||